[Event "RUS Cup tt (Women)"]
[Site "Sochi"]
[Date "2023.12.02"]
[Round "6.10"]
[White "Vasilieva, Arina"]
[Black "Tarasenka, Aliaksandra"]
[Result "0-1"]
[WhiteElo "1825"]
[BlackElo "2077"]
[PlyCount "68"]
[EventDate "2023.11.27"]
[EventType "team-tourn"]
[EventRounds "7"]
[EventCountry "RUS"]
[SourceTitle "CB49_2023"]
[SourceDate "2023.12.06"]
[SourceVersion "1"]
[SourceVersionDate "2023.12.06"]
[SourceQuality "1"]
[WhiteTeam "Sakha Qkutiya (W)"]
[BlackTeam "Belarus (W)"]
[WhiteTeamCountry "RUS"]
[BlackTeamCountry "BLR"]

1. d4 Nf6 2. c4 e6 3. Nc3 Bb4 4. e3 0-0 5. Nge2 Re8 6. a3 Bf8 7. Ng3 d5 8. cxd5 exd5 9. Bd3 c6 10. 0-0 Na6 11. Bc2 Nc7 12. Re1 Ne6 13. b4 g6 14. b5 h5 15. h3 h4 16. Nf1 Ng5 17. bxc6 bxc6 18. Nd2 Nfe4 19. Ndxe4 dxe4 20. Rb1 Qf6 21. Qe2 Bd6 22. Kh1 Bc7 23. Qf1 Qd6 24. Qg1 Qd7 25. Qf1 Qd6 26. Qg1 a5 27. Bd1 a4 28. Nxa4 Bxh3 29. Bd2 Qe6 30. Rb7 Bd6 31. Bb3 Qc8 32. Rb4 Qf5 33. Rc4 Nf3 34. g4 Qg5 0-1

[Event "St Petersburg Korchnoi Memorial op"]
[Site "St Petersburg"]
[Date "2023.08.19"]
[Round "3"]
[White "Vasilieva, Arina"]
[Black "Rombalskiy, Ivan"]
[Result "1-0"]
[WhiteElo "1692"]
[BlackElo "1285"]
[PlyCount "58"]
[EventDate "2023.08.18"]
[EventType "swiss"]
[EventRounds "9"]
[EventCountry "RUS"]
[SourceTitle "EXT 2024"]
[Source "ChessBase"]
[SourceDate "2023.10.10"]
[SourceVersion "1"]
[SourceVersionDate "2023.10.10"]
[SourceQuality "1"]

1. d4 d5 2. c4 e6 3. Nc3 Nf6 4. cxd5 exd5 5. Bg5 c6 6. e3 Be7 7. Bd3 0-0 8. Nf3 a5 9. Qc2 h6 10. Bf4 Be6 11. h3 b5 12. g4 b4 13. Ne2 Nbd7 14. Qxc6 Rc8 15. Qa4 Ne4 16. Ne5 Nxe5 17. Bxe5 Ng5 18. Kf1 f5 19. Nf4 fxg4 20. h4 Nh3 21. Nxe6 Rxf2+ 22. Ke1 Qb6 23. Qd7 Rcf8 24. Nxf8 Rf7 25. Qe6 Bxh4+ 26. Kd2 Qxe6 27. Nxe6 Rf2+ 28. Be2 Ng5 29. Nxg5 hxg5 1-0

[Event "Yakutsk Sakha Cup"]
[Site "Yakutsk"]
[Date "2023.01.24"]
[Round "1"]
[White "Murzin, Volodar"]
[Black "Vasilieva, Arina"]
[Result "1/2-1/2"]
[WhiteElo "2547"]
[BlackElo "1740"]
[PlyCount "61"]
[EventDate "2023.01.24"]
[EventType "swiss"]
[EventRounds "9"]
[EventCountry "RUS"]
[SourceTitle "CBM 212 Extra"]
[Source "ChessBase"]
[SourceDate "2023.03.31"]
[SourceVersion "1"]
[SourceVersionDate "2023.03.31"]
[SourceQuality "1"]

1. Nf3 Nf6 2. g3 g6 3. Bg2 Bg7 4. c4 0-0 5. Nc3 d6 6. d4 Nc6 7. 0-0 e5 8. d5 Nb8 9. e4 a5 10. Ne1 Na6 11. h3 Nc5 12. Be3 b6 13. Nd3 Nfd7 14. f4 Ba6 15. Nxc5 Nxc5 16. Qe2 exf4 17. gxf4 Qe7 18. e5 dxe5 19. f5 e4 20. Rad1 Be5 21. f6 Qd6 22. Kh1 Rfe8 23. Bxc5 Qxc5 24. Nxe4 Bxc4 25. Qc2 Qb5 26. Qc1 Bxf1 27. Qh6 Bxg2+ 28. Kg1 Bd4+ 29. Kh2 Be5+ 30. Kg1 Bd4+ 31. Kh2 1/2-1/2